00765 a2200169 45000010006000000050017000060080041000230030015000640400040000790800047001192450096001662640040002623000019003025050236003210410008005571000030005655802420260407155840.0260407a1972 arg spa dAR-UNSa-BCEJYS aAR-UNSa-BCEJYSbspacAR-UNSa-BCEJYS a347.1/7(094.4)xCódigo Civil y Comercial10aCódigo de Procedimiento Civil y Comercial y Leyes complementariaspProvincia de Córdoba 1aCórdoba :bEdiciones Lernerc1972 a507 p.c23 cm. a1. Disposiciones comunes a la jurisdicción contenciosa y a la voluntaria – 2. De los juicios – 3. De los actos de jurisdicción voluntaria – 4. De los recursos y de la segunda instancia – 5. Legislación complementaria  aspa1 aClariá Olmedo, Jorge A.